| 000 | 01266cam a22003737i 4500 | ||
|---|---|---|---|
| 999 |
_c200429654 _d47578 |
||
| 001 | 200429654 | ||
| 003 | TR-AnTOB | ||
| 005 | 20230712001145.0 | ||
| 007 | ta | ||
| 008 | 971113s1991 tu a 000 0 tur | ||
| 040 |
_aDLC _beng _erda _cDLC _dTR-AnTOB |
||
| 041 | 0 | _atur | |
| 050 | 0 | 0 | _aDR590 |
| 090 |
_aDR590 _b.M84 1991 |
||
| 100 | 1 |
_aMüftüoğlu, Mustafa _eauthor _9119973 |
|
| 245 | 1 | 0 |
_aYakın tarihimizden bir olay : _bMenemen Vak'ası / _cMustafa Müftüoğlu. |
| 246 | 3 | 0 | _aMenemen Vak'ası |
| 246 | 3 | 0 | _aMenemen Vakası |
| 264 | 1 |
_aİstanbul : _bRisale, _c1991. |
|
| 300 |
_a136, [8] pages : _billustrations ; _c21 cm. |
||
| 336 |
_atext _2rdacontent _btxt |
||
| 337 |
_aunmediated _2rdamedia _bn |
||
| 338 |
_ardacarrier _2volume _bnc |
||
| 490 | 0 |
_aRisale Yayınları ; _v60 |
|
| 590 | _aDonated by Levent Kuşoğlu | ||
| 650 | 7 |
_9119975 _aSubversive activities _zTurkey _2etuesh |
|
| 650 | 7 |
_9119974 _aYıkıcı faaliyetler _zTürkiye _2etuturkob |
|
| 650 | 0 |
_aİslam ve siyaset _zTürkiye _96545 |
|
| 650 | 0 |
_aIslam and politics _zTurkey _937576 |
|
| 651 | 0 |
_aTurkey _xPolitics and government _y1918-1960 _999522 |
|
| 651 | 0 |
_aTürkiye _xSiyaset ve yönetim _y1918-1960 _986916 |
|
| 942 |
_2lcc _cBK |
||